[Event "Novosibirsk Fakel"]
[Site "Novosibirsk"]
[Date "2010.02.20"]
[Round "9"]
[White "Angel, Alexander"]
[Black "Kuzmin, Sergei"]
[Result "1/2-1/2"]
[WhiteElo "2013"]
[BlackElo "2098"]
[PlyCount "90"]
[EventDate "2010.02.07"]
[EventType "tourn"]
[EventRounds "11"]
[EventCountry "RUS"]
[SourceTitle "EXT 2011"]
[Source "ChessBase"]
[SourceDate "2010.11.26"]
[SourceVersion "1"]
[SourceVersionDate "2010.11.26"]
[SourceQuality "1"]

1. e4 e5 2. Nf3 Nc6 3. Bb5 d6 4. d4 exd4 5. Nxd4 Bd7 6. Bxc6 bxc6 7. Nc3 Nf6 8. Qf3 c5 9. Nf5 h6 10. Nd5 c6 11. Nc3 g6 12. Ng3 Bg7 13. Bf4 Bg4 14. Qd3 d5 15. exd5 Nxd5 16. Nxd5 cxd5 17. Qb5+ Qd7 18. Qxc5 Bxb2 19. Rb1 Bg7 20. 0-0 Rc8 21. Rfe1+ Be6 22. Qa3 Bc3 23. Red1 Qc6 24. Qxa7 0-0 25. Bxh6 Ra8 26. Qe3 Rfc8 27. h4 d4 28. Qg5 Qc5 29. Qxc5 Rxc5 30. Ne4 Rcc8 31. Nxc3 dxc3 32. Ra1 Rxa2 33. Rxa2 Bxa2 34. Bg5 Kg7 35. Be3 Be6 36. Bd4+ Kf8 37. f3 Ke7 38. g4 f5 39. g5 f4 40. Kf2 Bf5 41. Be5 Bxc2 42. Rc1 Ke6 43. Bf6 Bf5 44. Rxc3 Rxc3 45. Bxc3 Bc2 1/2-1/2

[Event "Novosibirsk Fakel"]
[Site "Novosibirsk"]
[Date "2010.02.10"]
[Round "4"]
[White "Angel, Alexander"]
[Black "Akishev, Alexander"]
[Result "1-0"]
[WhiteElo "2013"]
[BlackElo "2150"]
[PlyCount "97"]
[EventDate "2010.02.07"]
[EventType "tourn"]
[EventRounds "11"]
[EventCountry "RUS"]
[SourceTitle "EXT 2011"]
[Source "ChessBase"]
[SourceDate "2010.11.26"]
[SourceVersion "1"]
[SourceVersionDate "2010.11.26"]
[SourceQuality "1"]

1. e4 d6 2. d4 g6 3. Nc3 Bg7 4. f4 c6 5. Nf3 b5 6. a3 a6 7. Be3 Nd7 8. e5 d5 9. Bd3 Nf8 10. 0-0 h5 11. Ne2 Nh6 12. h3 Bf5 13. Ng3 Bxd3 14. Qxd3 e6 15. b3 h4 16. Ne2 Nf5 17. Bf2 Nd7 18. c4 dxc4 19. bxc4 Nb6 20. cxb5 cxb5 21. Nd2 0-0 22. Ne4 Nc4 23. Nd2 Nxe5 24. fxe5 Bxe5 25. Qe4 Bf6 26. Nf3 Qe7 27. Rfc1 Rfb8 28. Ne5 Rc8 29. Rab1 Kg7 30. Ng4 Bg5 31. Rxc8 Rxc8 32. Ra1 Nd6 33. Qf3 Nc4 34. Be3 Bxe3+ 35. Nxe3 Nd2 36. Qf4 Nb3 37. Ra2 Kg8 38. Ng4 f5 39. Ne5 g5 40. Qf3 Na5 41. Qh5 Qf6 42. Nf3 g4 43. hxg4 fxg4 44. Qxg4+ Kf8 45. Ne5 Ke7 46. Nf4 Rc1+ 47. Kh2 Nb3 48. Rf2 Kd6 49. Nfd3 1-0

[Event "Novosibirsk Fakel"]
[Site "Novosibirsk"]
[Date "2010.02.08"]
[Round "2"]
[White "Angel, Alexander"]
[Black "Tyu, Nikolai"]
[Result "1-0"]
[WhiteElo "2013"]
[BlackElo "2087"]
[PlyCount "67"]
[EventDate "2010.02.07"]
[EventType "tourn"]
[EventRounds "11"]
[EventCountry "RUS"]
[SourceTitle "EXT 2011"]
[Source "ChessBase"]
[SourceDate "2010.11.26"]
[SourceVersion "1"]
[SourceVersionDate "2010.11.26"]
[SourceQuality "1"]

1. e4 d5 2. exd5 Nf6 3. Nf3 Nxd5 4. d4 g6 5. Bc4 Bg7 6. 0-0 0-0 7. Re1 Nc6 8. Bb3 Bg4 9. c3 Nb6 10. h3 Bxf3 11. Qxf3 Qc8 12. Bf4 Na5 13. Rxe7 c6 14. Be5 Nxb3 15. axb3 Nd5 16. Bxg7 Kxg7 17. Re1 Re8 18. Nd2 Nf6 19. Ne4 Re6 20. Ng5 Re8 21. Ne4 Re6 22. Nc5 Rxe1+ 23. Rxe1 Qc7 24. Ne4 Nh5 25. g4 Nf4 26. Nc5 Rd8 27. Re4 Nd5 28. g5 b6 29. c4 bxc5 30. cxd5 Rf8 31. Qf6+ Kg8 32. d6 Qd7 33. dxc5 Qxh3 34. Qe7 1-0

[Event "Berdsk Maestro op 15th"]
[Site "Berdsk"]
[Date "2009.07.13"]
[Round "6"]
[White "Angel, Alexander"]
[Black "Kuzmin, Artem"]
[Result "1/2-1/2"]
[WhiteElo "1948"]
[BlackElo "2034"]
[PlyCount "46"]
[EventDate "2009.07.08"]
[EventType "swiss"]
[EventRounds "9"]
[EventCountry "RUS"]
[SourceTitle "EXT 2022"]
[Source "ChessBase"]
[SourceDate "2021.10.06"]
[SourceVersion "1"]
[SourceVersionDate "2021.10.06"]
[SourceQuality "1"]

1. e4 e5 2. Nf3 d6 3. d4 Nd7 4. Nc3 c6 5. Be3 Be7 6. Bc4 Ngf6 7. 0-0 0-0 8. a4 b6 9. Qe2 a6 10. Rfd1 Qc7 11. h3 Bb7 12. Bb3 b5 13. axb5 axb5 14. Bg5 h6 15. Bh4 Rfe8 16. Rxa8 Bxa8 17. dxe5 dxe5 18. Bxf6 Nxf6 19. Nh4 Bc5 20. Nf5 Kf8 21. Qf3 Ng8 22. Nh4 Nf6 23. Nf5 Ng8 1/2-1/2

[Event "Novosibirsk op"]
[Site "Novosibirsk"]
[Date "2009.02.12"]
[Round "4"]
[White "Angel, Alexander"]
[Black "Khanin, Semen"]
[Result "0-1"]
[WhiteElo "1948"]
[BlackElo "1902"]
[PlyCount "124"]
[EventDate "2009.02.07"]
[EventType "swiss"]
[EventRounds "9"]
[EventCountry "RUS"]
[SourceTitle "EXT 2012"]
[Source "ChessBase"]
[SourceDate "2011.11.24"]
[SourceVersion "1"]
[SourceVersionDate "2011.11.24"]
[SourceQuality "1"]

1. e4 c5 2. Nf3 Nc6 3. Nc3 e6 4. d4 cxd4 5. Nxd4 a6 6. Be3 Nf6 7. a3 Qc7 8. Be2 Be7 9. 0-0 0-0 10. f4 b5 11. e5 Ne8 12. Bf3 Bb7 13. Qd2 f6 14. Rad1 fxe5 15. Nxc6 Bxc6 16. Bxc6 dxc6 17. Qd7 Qxd7 18. Rxd7 Bd6 19. Ne4 exf4 20. Bd4 Bb8 21. Ng5 e5 22. Bc5 Nf6 23. Rb7 Rd8 24. Rxg7+ Kxg7 25. Ne6+ Kg6 26. Nxd8 Ne4 27. Bb6 Bd6 28. Rd1 Rb8 29. Ba5 c5 30. Re1 Nf6 31. Rd1 Ne8 32. Rd5 Kf6 33. Kf2 Rc8 34. g3 fxg3+ 35. hxg3 Be7 36. Rd7 Nd6 37. b3 h5 38. Nb7 Nf5 39. c3 Ke6 40. Rd1 Rg8 41. Nd8+ Bxd8 42. Rxd8 Rxd8 43. Bxd8 Kd5 44. Bc7 Nd6 45. Ke3 c4 46. Bxd6 cxb3 47. Bxe5 Kxe5 48. Kd2 a5 49. Kc1 a4 50. Kd2 Ke4 51. Kc1 Kf3 52. Kb2 Kxg3 53. Kc1 h4 54. Kb2 h3 55. Kc1 h2 56. Kb2 Kf3 57. c4 bxc4 58. Kc3 h1Q 59. Kb2 Ke3 60. Kc3 Qc1+ 61. Kb4 b2 62. Kc5 b1Q 0-1